| 000 | 00756nam a2200241 i 4500 | ||
|---|---|---|---|
| 001 | 102691 | ||
| 003 | ES-MaACL | ||
| 005 | 20250726084100.0 | ||
| 007 | t| | ||
| 008 | 051128s1998 pr ||||1| spa d | ||
| 020 | _a1-881703-16-9 | ||
| 080 | _a821.134.2(729.5)-31"19" | ||
| 100 | 1 |
_aCórdova Landrón, Arturo. _940568 |
|
| 245 | 1 | 0 |
_aIlusión y aventura de Aquiles Zurita / _cArturo Córdova Landrón. |
| 250 | _a1ª ed. | ||
| 260 |
_aSan Juan de Puerto Rico : _bLEA, Ateneo Puertorriqueño, _c1998. |
||
| 300 |
_aIX, 484 p. : _bil. ; _c22 cm. |
||
| 490 | 1 |
_aCuadernos del 98 ; _v1 |
|
| 710 | 2 |
_aAteneo Puertorriqueño _92054 |
|
| 830 | 0 |
_aCuadernos del 98 ; _v1 _9184661 |
|
| 852 |
_aES-MaACL _jE-11201 _bR.136877 |
||
| 999 |
_c102691 _d102691 |
||